Daňové a odvodové povinnosti vo vzťahu k zdedenému majetku
Na účely zdanenia daňou z príjmov je potrebné rozlišovať, či ide o príjem, získaný dedením majetku, ktorý nie je predmetom dane, alebo ide o príjem, plynúci zo zdedeného majetku, napr. majetok sa prenajíma, alebo došlo k predaju zdedeného majetku, ktorý je predmetom dane a za predpokladu, že nepodli...
Gespeichert in:
| 1. Verfasser: | |
|---|---|
| Format: | Buchkapitel |
| Sprache: | Slowakisch |
| Schlagworte: | |
| Tags: |
Keine Tags, Fügen Sie das erste Tag hinzu!
|
MARC
| LEADER | 00000naa a2200000 4500 | ||
|---|---|---|---|
| 001 | 0292232 | ||
| 005 | 20240502074502.4 | ||
| 041 | 0 | |a slo | |
| 044 | |a SK | ||
| 245 | 1 | 0 | |a Daňové a odvodové povinnosti vo vzťahu k zdedenému majetku |c Denisa Ihnatišinová |
| 520 | |a Na účely zdanenia daňou z príjmov je potrebné rozlišovať, či ide o príjem, získaný dedením majetku, ktorý nie je predmetom dane, alebo ide o príjem, plynúci zo zdedeného majetku, napr. majetok sa prenajíma, alebo došlo k predaju zdedeného majetku, ktorý je predmetom dane a za predpokladu, že nepodlieha oslobodeniu, vzniká povinnosť ho priznať v daňovom priznaní a vypočítať daň. | ||
| 610 | 2 | 0 | |a dane |
| 610 | 2 | 0 | |a dane z príjmov |
| 610 | 2 | 0 | |a daňovníci |
| 610 | 2 | 0 | |a majetok |
| 610 | 2 | 0 | |a dedičstvo |
| 610 | 2 | 0 | |a osoby fyzické |
| 100 | 1 | |a Ihnatišinová, Denisa, 1983- | |